000 00611nam a2200181Ia 4500
008 220214s9999 xx 000 0 und d
100 _aEtienne H
245 4 _aThe Effect of water parameters on the development of Hevea brasiliensis calli in in vitro culture
260 _bAnnales des Sciences Forestieres (Journal discontinued and now title changed as Annals of Forest Science)
_c1991
300 _a253-265
650 _aHevea brasiliensis
650 _aMineral nutrition
650 _aSomatic embryogenesis
650 _aWater parameters
700 _aCarron MP
700 _aMontoro P
942 _cRE
999 _c45984
_d45984